Countries with the Highest Drug Use - Statistics

General Stats
  • This quiz has been taken 74 times
  • The average score is 7 of 16
Answer Stats
# Country % Correct
1 United States
100%
5 United Kingdom
88%
2 Canada
82%
3 Australia
69%
7 Spain
66%
4 New Zealand
59%
11 Ireland
53%
9 Jamaica
31%
16 Switzerland
31%
13 Chile
28%
6 Estonia
25%
8 Iceland
21%
15 Belize
13%
12 Dominica
10%
14 Grenada
4%
10 Saint Lucia
4%
No matching quizzes found
Score Distribution
Percent of People with Each Score
Percentile by Number Answered
Your Score History
You have not taken this quiz